000 00691nam a2200289Ia 4500
005 20260324132642.0
008 008 260324s9999 xx 000 0 eng d
020 _a9780203465509
037 _aEBOOK
040 _aCRL
040 _beng
040 _cCRL
041 _2eng
041 _aeng
084 _qCRL
100 _aPauline Lipman
_91190103
245 0 _aHigh Stakes Education
245 0 _bInequality, Globalization, and Urban School Reform
260 _bTaylor and Francis
260 _c2004
365 _a
365 _b230
856 _uhttp://www.taylorfrancis.com/books/9780203465509
942 _cEBOOK
999 _c1788389
_d1788389